[Event "Niedersachsen-ch U16/18 Girls"]
[Site "Rotenburg/Wuemme"]
[Date "2007.04.04"]
[Round "6"]
[White "Ginten, Theresa"]
[Black "Grigorian, Satenik"]
[Result "1-0"]
[WhiteElo "818"]
[BlackElo "822"]
[PlyCount "43"]
[EventDate "2007.03.31"]
[EventType "swiss"]
[EventRounds "9"]
[EventCountry "GER"]
[SourceTitle "EXT 2008"]
[Source "ChessBase"]
[SourceDate "2007.11.25"]
[SourceVersion "1"]
[SourceVersionDate "2007.11.25"]
[SourceQuality "1"]

1. e4 e5 2. Nf3 Nc6 3. Bc4 Bc5 4. d3 d6 5. h3 Nf6 6. Nc3 Be6 7. b3 Nd4 8. 0-0 0-0 9. Be3 c6 10. Qd2 d5 11. Bg5 dxc4 12. bxc4 h6 13. Bxh6 Nxf3+ 14. gxf3 gxh6 15. Qxh6 Bd4 16. Kh2 Nh7 17. Rg1+ Qg5 18. Rxg5+ Nxg5 19. Qxg5+ Kh7 20. Qh5+ Kg7 21. Rg1+ Kf6 22. Qg5# 1-0

[Event "Niedersachsen-ch U16/18 Girls"]
[Site "Rotenburg/Wuemme"]
[Date "2007.04.02"]
[Round "4"]
[White "Ginten, Theresa"]
[Black "Warmer, Doreen"]
[Result "0-1"]
[WhiteElo "818"]
[BlackElo "867"]
[PlyCount "44"]
[EventDate "2007.03.31"]
[EventType "swiss"]
[EventRounds "9"]
[EventCountry "GER"]
[SourceTitle "EXT 2008"]
[Source "ChessBase"]
[SourceDate "2007.11.25"]
[SourceVersion "1"]
[SourceVersionDate "2007.11.25"]
[SourceQuality "1"]

1. e4 e6 2. d4 d5 3. e5 Nc6 4. Nf3 Bd7 5. Bd3 Qe7 6. a3 0-0-0 7. 0-0 Nh6 8. h3 Nf5 9. c3 h5 10. b4 Rg8 11. Bg5 f6 12. exf6 gxf6 13. Be3 Nxe3 14. fxe3 Qg7 15. Ne1 Bd6 16. Qf3 Rdf8 17. Kf2 e5 18. b5 Na5 19. Rg1 e4 20. Bxe4 Bxb5 21. Bxd5 Bg3+ 22. Qxg3 Qxg3# 0-1

[Event "Niedersachsen-ch U16/18 Girls"]
[Site "Rotenburg/Wuemme"]
[Date "2007.04.01"]
[Round "3"]
[White "Ginten, Theresa"]
[Black "Bruenn, Anna Katharina"]
[Result "0-1"]
[WhiteElo "818"]
[BlackElo "782"]
[PlyCount "66"]
[EventDate "2007.03.31"]
[EventType "swiss"]
[EventRounds "9"]
[EventCountry "GER"]
[SourceTitle "EXT 2008"]
[Source "ChessBase"]
[SourceDate "2007.11.25"]
[SourceVersion "1"]
[SourceVersionDate "2007.11.25"]
[SourceQuality "1"]

1. e4 e5 2. Nf3 Nc6 3. Bc4 Bc5 4. d3 Nf6 5. Nc3 d6 6. Bg5 h6 7. Bd2 Bg4 8. h3 Bh5 9. 0-0 g5 10. Nd5 g4 11. Nh2 gxh3 12. Qe1 Rg8 13. g3 Nd4 14. Qc1 Ne2+ 15. Kh1 Nxc1 16. Raxc1 Ng4 17. Nxg4 Bxg4 18. Kh2 h5 19. f3 Be6 20. Rg1 Bxg1+ 21. Rxg1 c6 22. Ne3 d5 23. Bb3 dxe4 24. Bxe6 fxe6 25. Kxh3 exf3 26. g4 f2 27. Rg2 Qf6 28. gxh5 0-0-0 29. Nf1 Qf3+ 30. Rg3 Qh1+ 31. Nh2 f1Q+ 32. Kh4 Qxh2+ 33. Rh3 Qhxh3# 0-1